000 00492nam a2200181Ia 4500
008 180921t2016 xxu||||| |||| 00| 0 sin d
041 _asin
080 _a8-31
_bCAR
100 _aCarre, John Le
245 _aචරපුරුෂයාගේ ප්‍රේමය
246 _aCharapurushayage Premaya
260 _bGodage
_aColombo
_c2016
300 _a327p, 23cm
700 _aK.D. Ranjith Dayawansa
_etr.
942 _cBK
999 _c11095
_d11095
003 LK-CoDNM
040 _aLK-CoDNM
_dLK-CoDNM
_eLK-CoDNM